000 00358nmm a2200145 a 4500
003 AR-BaBNM
005 20251128203140.0
008 063119s[19- ||||||||||||||000 | spa||
040 _cAR-BaBNM
100 1 _aFayet, Leopoldo
245 1 0 _aHistoria de la literatura castellana
260 _a[S.l.]
_bMoly & Lasserre
_c[19--]
942 _cBK
998 _cJacobzon
999 _c2136
_d2136